Statistics for US States with Letter W

Click here to take the quiz!

General Stats

  • This quiz has been taken 305 times
    (296 since last reset)
  • The average score is 9 of 11

Answer Stats

State% Correct
Wyoming
93%
Washington
91%
West Virginia
89%
Wisconsin
85%
New York
80%
New Jersey
77%
New Mexico
74%
New Hampshire
72%
Hawaii
68%
Delaware
63%
Iowa
60%

Score Distribution

Percentile by Number Answered

Percent of People with Each Score

Your Score History

You have not taken this quiz since the last reset